CONCISE 48 LAWS OF POWER (Record no. 23820)

MARC details
000 -LEADER
fixed length control field 00343nam a2200133Ia 4500
008 - FIXED-LENGTH DATA ELEMENTS--GENERAL INFORMATION
fixed length control field 240624s9999 xx 000 0 und d
041 ## - LANGUAGE CODE
Language code of text/sound track or separate title eng
082 ## - DEWEY DECIMAL CLASSIFICATION NUMBER
Classification number 828 GRE
100 ## - MAIN ENTRY--PERSONAL NAME
Personal name GREENE ROBERT
245 ## - TITLE STATEMENT
Title CONCISE 48 LAWS OF POWER
260 ## - PUBLICATION, DISTRIBUTION, ETC.
Date of publication, distribution, etc. 2011
Place of publication, distribution, etc. New Delhi
Name of publisher, distributor, etc. Viva Books India
300 ## - PHYSICAL DESCRIPTION
Extent xii, : 195 : p. : : : 16 : cm.
365 ## - TRADE PRICE
Currency code RS
Price amount 25
Holdings
Withdrawn status Lost status Damaged status Not for loan Home library Current library Shelving location Date acquired Source of acquisition Cost, normal purchase price Total Checkouts Total Renewals Full call number Barcode Date due Date last seen Date last checked out Copy number Price effective from Koha item type
        IMTN IMTN Rack 42-A 11/13/2014 WBD 195.00 6 4 828 GRE 23820 10/09/2025 09/29/2025 09/29/2025 1 06/24/2024 Books
Designed & Maintained by: LRC IMT Nagpur Contact: lrc@imtnag.ac.in© 2024. All Rights Reserved.